Bedoes x Lanek - 2114 EP - Statystyki

Ogólne statystyki
  • Ten quiz został rozwiązany 9 razy
  • Średni wynik to 4 z 6
Statystyki odpowiedzi
Numer Tytuł % Poprawnych
3 1998
89%
2 2114
89%
1 Intro
67%
6 Outro
67%
4 1025
44%
5 7605
44%
Nie znaleziono quizów pasujących do podanych kryteriów
Rozkład punktacji
Procent ludzi z każdym wynikiem
Percentyl według liczby udzielonych odpowiedzi
Twoja historia wyników
Nie rozwiązałeś tego quizu